Normal view
MARC view
- Stein,Neil D
Entry Personal Name
001 - CONTROL NUMBER
- control field: 3452
003 - CONTROL NUMBER IDENTIFIER
- control field: JO-AjAnu
005 - DATE AND TIME OF LATEST TRANSACTION
- control field: 20230606070852.0
008 - FIXED-LENGTH DATA ELEMENTS
- fixed length control field: 230606|| aca||aabn | a|a d
040 ## - CATALOGING SOURCE
- Original cataloging agency: JO-AjAnu
- Transcribing agency: JO-AjAnu
100 ## - HEADING--PERSONAL NAME
- Personal name: Stein,Neil D
670 ## - SOURCE DATA FOUND
- Source citation: Work cat.: (JO-AjAnu)1802: Stein,Neil D, author, Preparation of Consolidated Accounts